Normal view
MARC view
Entry Personal Name
001 - CONTROL NUMBER
- control field: 164734
003 - CONTROL NUMBER IDENTIFIER
- control field: OSt
005 - DATE AND TIME OF LATEST TRANSACTION
- control field: 20220923220853.0
008 - FIXED-LENGTH DATA ELEMENTS
- fixed length control field: 220923|| aca||aabn | a|a d
040 ## - CATALOGING SOURCE
- Original cataloging agency: OSt
- Transcribing agency: OSt
100 ## - HEADING--PERSONAL NAME
- Personal name: अतहर अली, एम0
670 ## - SOURCE DATA FOUND
- Source citation: Work cat.: (OSt)344363: अतहर अली, एम0, औरंगजेब कालीन मुगल अमीर वर्ग, अनु राधेश्याम, 1977
